000 00354 a2200169 4500
001 184185
020 _a978-85-08-13483-0
040 _cMagnum
100 _aBandeira, Pedro
240 1 0 _aO grande desafio
_lpor
245 1 0 _aO grande desafio
300 _a160
362 0 _a2010
440 1 _aÁtica
697 _aLITERATURA JUVENIL
942 _cBK
999 _c184185
_d184185